Flags - Statistics

General Stats
  • This quiz has been taken 34 times
  • The average score is 10 of 12
Answer Stats
Picture Answer % Correct
USA
100%
Argentina
96%
Germany
96%
Russia
96%
Spain
96%
Pakistan
93%
Italy
85%
Cuba
81%
Laos
67%
Palau
63%
Benin
59%
Sudan
52%
No matching quizzes found
Score Distribution
Percent of People with Each Score
Percentile by Number Answered
Your Score History
You have not taken this quiz